| 000 | 00645nam a2200217 4500 | ||
|---|---|---|---|
| 003 | OSt | ||
| 005 | 20240626012600.0 | ||
| 006 | a | ||
| 008 | 240626b |||||||| |||| 00| 0 eng d | ||
| 020 | _a9781926692159 | ||
| 040 |
_aDWCL-Main lib. _cOC |
||
| 082 |
_2First edition _aCirc. 571.9 P713 2010 |
||
| 245 | _aPlant pathology / | ||
| 250 | _aFirst edition | ||
| 260 |
_aOakville, ON : _bApple Academic Press, Inc., _cc2010. |
||
| 300 |
_b304 p. : ill. ; _c24 cm. |
||
| 504 | _aIncludes bibliographical references and index. | ||
| 650 | _a1. Plant diseases. | ||
| 700 | _aSylvia Friedman | ||
| 942 |
_2ddc _n0 _cBK-CIRC _eFirst edition _kCirc. |
||
| 999 |
_c1354 _d1354 |
||